000 00665nam a2200169 i 4500
001 160900
003 ES-MaACL
005 20230906212143.0
008 041005s1869 sp |||| | spa d
080 _a32(460)"18"
100 1 _aOlañeta, Joaquín de.
_9130606
245 1 0 _aOrganización de España :
_bun problema menos y una solución práctica de los demás /
_cpor Joaquín de Olañeta.
260 _aMadrid :
_b[s.n.],
_c1869 (
_fTip. de Gregorio Estrada)
300 _a22 p. ;
_c21 cm.
651 4 _aEspaña-
_xPolítica y gobierno-
_y1868-1874.
_9174889
852 4 _aES-MaACL
_jT-92-F-7
_z- Enc. hol., falto de cub. original
_z- Enc. en un vol. facticio
999 _c160900
_d160900